| 000 | 00796nam a2200253 a 4500 | ||
|---|---|---|---|
| 999 |
_c919 _d919 |
||
| 001 | 938 | ||
| 003 | BD-DhUAP | ||
| 005 | 20210118162905.0 | ||
| 008 | 200129r19961959mauab 000 0 eng d | ||
| 020 | _a8185392447 | ||
| 040 |
_aBD-DhUAP _cBD-DhUAP _dBD-DhUAP _bEng |
||
| 082 | 0 | 0 |
_a338.9 HIG _223 |
| 100 | _aHiggins, Benjamin. | ||
| 245 | 1 | 0 |
_aEconomic development : _bproblems, principles and policies / _cBenjamin Higgins. |
| 250 | _arev. ed. | ||
| 260 |
_aNew Delhi : _bUniversal book stall, _cc1996. |
||
| 300 |
_axvi, 918 pages ; _c24 cm. |
||
| 504 | _aIncludes bibliographical references and indexes. | ||
| 650 | 0 | _aEconomic development. | |
| 651 | 0 |
_aDeveloping countries _xEconomic policy. |
|
| 942 | 0 | 0 |
_01 _2ddc _cBK |